Предок (Запис № 376276)

МАРК-запис
000 -Лідер
fixed length control field 00891nam a22002657a 4500
001 - Контрольний номер
control field 90102
003 - Ідентифікатор контрольного номера
control field UA-OsUOA
005 - Дата та час останнього входження (трансакції)
control field 20260306144941.0
007 - Фіксоване поле фізичного опису
fixed length control field ta
008 - Елементи даних фіксованої довжини – загальна інформація
fixed length control field 20121114b un ||||| |||| 00| 0 ukr d
020 ## - Міжнародний стандартний книжковий номер (ISBN)
Міжнародний стандартний книжковий номер (ISBN) (НП) 5308010471
040 ## - Джерело каталогізації
Агенція оригінальної каталогізації UA-OsUOA
Мова каталогізації ukr
Агенція, яка здійснювала перезапис UA-OsUOA
Агенція, яка здійснювала модифікацію UA-OsUOA
041 ## - Код мови
Код мови тексту/ звукової доріжки чи окремого заголовка (П) ukr
080 ## - Індекс Універсальної десяткової класифікації
Індекс Універсальної десяткової класифікації (УДК) (НП) 821.161.2-94
090 ## - Локальний шифр розміщення
Класифікаційний індекс УДК 821.161.2-94
Авторський знак (НП) К68
100 ## - Основне введення – ім’я особи
Ім’я особи (НП) Королева Н.
9 (RLIN) 24323
245 ## - Відомості про назву
Назва (НП) Предок
Решта назви (НП) історичні повісті ; легенди старокиївські
Дані про відповідальність (НП) Наталена Королева ; упоряд. О. В. Мишанич
260 ## - Публікація, розповсюдження і т.п. (Вихідні дані)
Місце публікації, розповсюдження і т.п. (П) К.
Ім’я/ наймення видавництва, розповсюджувача і т.п. (П) Дніпро
Дата публікації, розповсюдження і т.п. (П) 1991
300 ## - Фізичний опис
Обсяг 670 с.
490 ## - Область серії
Назва серії БІбліотека історичної прози
650 #7 - Додаткове предметне введення – тематичний термін
Тематичний термін чи географічна назва, як елемент введення (НП) 821.161.2 Українська література
Джерело заголовка чи терміна UDC
9 (RLIN) 41
700 1# - Додаткове введення – ім'я особи
Ім’я особи (НП) Мишанич О. В.
Термін відношення упоряд.
9 (RLIN) 17485
942 ## - Додаткові елементи входу (Коха)
Тип елемента Koha Книги
Source of classification or shelving scheme Universal Decimal Classification
955 ## - Код типу видання за змістом
Код типу видання за змістом (НП) Літературно-художні видання
Фонди
Стан вилучень Стан втрат Джерело класифікації або схеми стелажів Стан уражень Не для кредиту Постійне місце розташування Поточне розміщення Дата придбання Інвентарний номер Усього замовленно Повний номер виклику Штрих-код Дата останнього перегляду Ціна ефективна від Тип елемента Koha Код колекції Джерело придбання Вартість, звичайна ціна покупки Вартість, ціна заміни
    Universal Decimal Classification     АБ - Абонемент НБ АБ - Абонемент НБ 14/11/2012 44416   821.161.2 К68 44416 28/03/2022 14/11/2012 Книги        
    Universal Decimal Classification     АБ - Абонемент НБ АБ - Абонемент НБ 06/03/2026     821.161.2-94 К68 169490 06/03/2026 06/03/2026 Книги Колекція Шевчука Валерія 08/02.03.2026 45.00 45.00